01125nam a2200289Ia 450000500170000000800410001702000180005808200150007610000190009124501780011025000180028830000630030650000760036953400440044565000400048965000280052965000340055770000290059170000350062094200120065526400300066733600270069733700330072433800280075704000350078599900150082020220317001523.0161108s2014 s ao g 000 0 s  a978841598978304a808.8bM341 aBlake, Quentin10a1001 libros que hay que leer antes de morirbrelatos e historias de todos los tiemposcedición dirigida por Peter Boxall ; adaptación dirigida por José - Carlos Mainer a1a. edición a960 páginasbilustraciones y fotografias en colorc21 cm aIncluye índice de ganadores de premios literarios, de autores y obras t1001 Books you must Read before you die142LEMBaLibros informativosvManuales142LEMBaLibros y lecturas142LEMBaLiteraturavColecciones1 aEccleshare, Julia9748771 a Alaminos Escoz, Ferran974878 2ddccBK aBarcelonabGrijalboc2014 atextobtxt2rdacontent asin mediaciónbn2rdamedia avolumenbnc2rdacarrier aCO-BoRNBPbspaerdacCO-BoRNBP c7230d7230